Delhi Gadhakal (Record no. 114635)
[ view plain ]
| 000 -LEADER | |
|---|---|
| fixed length control field | 00353nam a2200121Ia 4500 |
| 008 - FIXED-LENGTH DATA ELEMENTS--GENERAL INFORMATION | |
| fixed length control field | 211119s9999||||xx |||||||||||||| ||und|| |
| 082 ## - DEWEY DECIMAL CLASSIFICATION NUMBER | |
| Classification number | 894.8123 |
| Item number | MUK-D |
| 100 ## - MAIN ENTRY--PERSONAL NAME | |
| Personal name | Mukundan, M |
| 245 #0 - TITLE STATEMENT | |
| Title | Delhi Gadhakal |
| 260 ## - PUBLICATION, DISTRIBUTION, ETC. | |
| Name of publisher, distributor, etc. | D c Books |
| Place of publication, distribution, etc. | 2011 |
| Date of publication, distribution, etc. | Kottayam |
| 650 ## - SUBJECT ADDED ENTRY--TOPICAL TERM | |
| Topical term or geographic name entry element | Literature |
| 942 ## - ADDED ENTRY ELEMENTS (KOHA) | |
| Koha item type | BOOK |
| 650 ## - SUBJECT ADDED ENTRY--TOPICAL TERM | |
| Form subdivision | Altaic,Uralic,Hyperborean &DravidianMalayalam |
| General subdivision | General stack |
| Withdrawn status | Lost status | Damaged status | Not for loan | Home library | Current library | Date acquired | Cost, normal purchase price | Total Checkouts | Full call number | Barcode | Shelving location | Date last seen | Date last checked out | Price effective from | Koha item type |
|---|---|---|---|---|---|---|---|---|---|---|---|---|---|---|---|
| SB LIBRARY | SB LIBRARY | 19/11/2021 | 275.00 | 6 | 894.8123 MUK-D | 00128094 | GENERAL STACK | 22/12/2022 | 13/12/2022 | 19/11/2021 | BOOK |